| 000 | 00000nam 2200000zi 4500 |
| 001 | 9.921992 |
| 003 | CaOODSP |
| 005 | 20230426130619 |
| 006 | m o d f |
| 007 | cr bn||||||||| |
| 008 | 230426t19821983oncab ob f100 0 fre d |
| 020 | |a0662123131 |q(imprimé) |
| 040 | |aCaOODSP|bfre|erda|cCaOODSP |
| 041 | 0 |afre|bfre|beng |
| 043 | |an-cn---|ar------ |
| 086 | 1 |aEn42-1/3-82-6F-PDF |
| 086 | 1 |aEn42-3/82-6F |
| 111 | 2 |aSymposium sur l'aménagement des services publics dans les régions nordiques |n(3e : |d1982 : |cEdmonton, Alb.) |
| 245 | 10|aActes du troisième Symposium sur l'aménagement des services publics dans les régions nordiques : |btenu les 25 et 26 mai 1982 à Edmonton (Alberta). |
| 246 | 14|aActes du Symposium sur l'aménagement des services publics dans les régions nordiques : |btenu les 25 et 26 mai 1982 à Edmonton (Alberta) |
| 264 | 1|a[Ottawa] : |bDirection générale de la lutte contre la pollution des eaux, |c1982. |
| 264 | 4|c©1983 |
| 300 | |a1 ressource en ligne (ix, 368 pages) : |billustrations, cartes. |
| 336 | |atexte|btxt|2rdacontent/fre |
| 337 | |ainformatique|bc|2rdamedia/fre |
| 338 | |aressource en ligne|bcr|2rdacarrier/fre |
| 490 | 1 |aLes rapports du Service de la protection de l'environnement |
| 500 | |aPublié aussi en anglais sous le titre : Proceedings : Third Symposium on Utilities Delivery in Cold Regions : held May 25 and 26, 1982, Edmonton, Alberta. |
| 500 | |a« Parrainage : Environnement Canada, Service de la protection de l'environnement, Direction générale de la pollution des eaux, Sous-section de la technologie nordique; Université de l'Alberta, Département du génie civil; et Division de l'environnement municipal, Société canadienne du génie civil. » |
| 500 | |a« Compilation : Daniel W. Smith (Université de l'Alberta). » |
| 500 | |a« Rapport EPS 3-WP-82-6F. » |
| 500 | |aSur la couverture : Analyse économique et technique, rapport SPE 3-WP-82-6F. |
| 500 | |aSur la couverture : Décembre 1982. |
| 500 | |aÉdition numérisée de l'imprimé [par Environnement et changement climatique Canada]. |
| 504 | |aComprend des références bibliographiques. |
| 546 | |aComprend des avant-propos en anglais et en français. |
| 650 | 6|aEau|xApprovisionnement|xTechnique|zCanada (Nord)|vCongrès. |
| 650 | 6|aEau|xApprovisionnement|xTechnique|zArctique|vCongrès. |
| 650 | 6|aÉgouts|zCanada (Nord)|vCongrès. |
| 650 | 6|aÉgouts|zArctique|vCongrès. |
| 650 | 6|aTechnique sanitaire|zCanada (Nord)|vCongrès. |
| 650 | 6|aTechnique sanitaire|zArctique|vCongrès. |
| 655 | 7|aActes de congrès|2rvmgf |
| 700 | 1 |aSmith, D. W. |q(Daniel Walter), |d1944- |ecompilateur. |
| 710 | 1 |aCanada. |bService de la protection de l'environnement, |eorganisme de publication. |
| 710 | 1 |aCanada.|bDirection générale de la lutte contre la pollution des eaux, |eorganisme de publication. |
| 830 | #0|aSérie de rapports du Service de la protection de l'environnement.|w(CaOODSP)9.866045 |
| 856 | 40|qPDF|s20.29 Mo|uhttps://publications.gc.ca/collections/collection_2023/eccc/en42/En42-1-3-82-6-fra.pdf |